| 000 | 00496nam a22001817a 4500 | ||
|---|---|---|---|
| 003 | OSt | ||
| 005 | 20170518103829.0 | ||
| 008 | 170322b xxu||||| |||| 00| 0 eng d | ||
| 020 | _a0895887894 : | ||
| 040 |
_aMMU _cMMU _beng _dMMU |
||
| 050 | 0 | 0 |
_aZ286.D47 _bH36 1991 |
| 100 | 1 | _aHarris, Robert W. | |
| 245 | 1 | 0 |
_aUnderstanding desktop publishing / _cRobert W. Harris. |
| 260 |
_aSan Francisco : _bSybex, _cc1991. |
||
| 300 |
_axx, 275 p. : _bill. ; |
||
| 650 | 0 | _aDesktop | |
| 942 |
_2lcc _cLOAN LOAN |
||
| 999 |
_c25673 _d25673 |
||